Welcome to the Holygrace Academy Library

Please use search bar below to get started

THE LEADER WHO HAD NO TITLE (Record no. 5469)

MARC details
000 -LEADER
fixed length control field 00302nam a22001337a 4500
020 ## - INTERNATIONAL STANDARD BOOK NUMBER
ISBN 978-81-8495-119-6
082 ## - DEWEY DECIMAL CLASSIFICATION NUMBER
Classification number 158
Item number SHA/L
100 ## - MAIN ENTRY--AUTHOR NAME
Personal name SHARMA,ROBIN
245 ## - TITLE STATEMENT
Title THE LEADER WHO HAD NO TITLE
260 ## - PUBLICATION, DISTRIBUTION, ETC. (IMPRINT)
Place of publication INDIA
Name of publisher JAICO
300 ## - PHYSICAL DESCRIPTION
Number of Pages 203
650 ## - SUBJECT ADDED ENTRY--TOPICAL TERM
Topical Term PERSONALITY DEVELOPMENT
Geographic subdivision INDIA
942 ## - ADDED ENTRY ELEMENTS (KOHA)
Koha item type Books
Holdings
Withdrawn status Lost status Collection code Home library Current library Shelving location Date acquired Source of acquisition Full call number Accession Number Koha item type
    Reference Main Library Main Library SHELF-17H-PERSONALITY DEVELOPMENT BOOKS 11/10/2012 PURCHASE 158 SHA/L 07017 Books